| 000 | 00739nam a2200241Ia 4500 | ||
|---|---|---|---|
| 003 | OSt | ||
| 005 | 20220926000724.0 | ||
| 006 | a|||||r|||| 00| 0 | ||
| 007 | ta | ||
| 008 | 220923b |||||||| |||| 00| 0 eng d | ||
| 037 | _cGeneral Book | ||
| 040 |
_aRTL _cRTL _beng |
||
| 041 |
_2eng _aeng |
||
| 082 | _aX9:6.2.N8, M4 | ||
| 110 |
_aIndustrial Finance Corporation of India _9258743 |
||
| 245 | 0 |
_aInvesting in industries in India _b Policies, proce |
|
| 260 |
_a New Delhi _bIndustrial Finance Corporation of India India _c1984 |
||
| 300 |
_a88p. _ccm. |
||
| 650 | _aFinancing | ||
| 700 |
_aIndustrial Finance Corporation of India _9258744 |
||
| 942 |
_hX9:6.2.N8, M4 _cGB _2CC |
||
| 999 |
_c599500 _d599500 |
||